书目信息 |
| 题名: |
深层滑坡体特长抗滑桩受力特性和施工综合技术研究
|
|
| 作者: | 张志军 编著 | |
| 分册: | ||
| 出版信息: | 大连 大连理工大学出版社 2018 |
|
| 页数: | 179页 | |
| 开本: | 26cm | |
| 丛书名: | ||
| 单 册: | ||
| 中图分类: | P642.22 | |
| 科图分类: | ||
| 主题词: | 滑坡体--抗滑桩--受力性能--研究 , 滑坡体--抗滑桩--工程施工--研究 | |
| 电子资源: | ||
| ISBN: | 978-7-5685-1707-2 | |
| 000 | 01124nam0 2200253 450 | |
| 001 | 0104765754 | |
| 005 | 20191216104531.0 | |
| 010 | @a978-7-5685-1707-2@dCNY38.00 | |
| 100 | @a20190411d2018 emky0chiy0120 ea | |
| 101 | 0 | @achi |
| 102 | @aCN@b210000 | |
| 105 | @aa z 000yy | |
| 106 | @ar | |
| 200 | 1 | @a深层滑坡体特长抗滑桩受力特性和施工综合技术研究@9Shen Ceng Hua Po Ti Te Chang;Zhang Kang Hua Zhuang Shou Li Te Xing He;Huo;Hu Shi Gong Zong;Zeng He;Ge Ji Shu;Zhu Yan Jiu @f张志军[等]编著@b专著 |
| 210 | @a大连@c大连理工大学出版社@d2018 | |
| 215 | @a179页@c图@d26cm | |
| 304 | @a编著还有:李德成、董炬洪、谢宝琎 | |
| 330 | @a本书共11章,主要内容包括:绪论、基础理论研究、大坪滑坡工程概况、大坪滑坡抗滑桩的解析计算、大坪滑坡坡面位移监测与分析、大坪滑坡抗滑桩监测与分析、大坪III号滑坡地表测斜孔监测与分析、天然和暴雨状态下深层滑坡体和抗滑桩稳定性分析、特长抗滑桩施工综合技术等。 | |
| 606 | 0 | @a滑坡体@x抗滑桩@x受力性能@x研究 |
| 606 | 0 | @a滑坡体@x抗滑桩@x工程施工@x研究 |
| 690 | @aP642.22@v5 | |
| 701 | 0 | @a张志军@c(建筑工程)@4编著@9zhang zhi jun |
| 801 | 0 | @aCN@bAZmarc@c20230906 |
| 905 | @aBZT@dP6@e3@f5@sP6/3 | |
| 深层滑坡体特长抗滑桩受力特性和施工综合技术研究/张志军[等]编著.-大连:大连理工大学出版社,2018 |
| 179页:图;26cm |
| ISBN 978-7-5685-1707-2:CNY38.00 |
| 本书共11章,主要内容包括:绪论、基础理论研究、大坪滑坡工程概况、大坪滑坡抗滑桩的解析计算、大坪滑坡坡面位移监测与分析、大坪滑坡抗滑桩监测与分析、大坪III号滑坡地表测斜孔监测与分析、天然和暴雨状态下深层滑坡体和抗滑桩稳定性分析、特长抗滑桩施工综合技术等。 |
| ● |
| 相关链接 |
|
|
|
正题名:深层滑坡体特长抗滑桩受力特性和施工综合技术研究
索取号:P6/3
 
预约/预借
| 序号 | 登录号 | 条形码 | 馆藏地/架位号 | 状态 | 备注 |
| 1 | 2000011346 | 2000011346 | 旧书回溯/ [索取号:P6/3] | 在馆 | |
| 2 | 2000011347 | 2000011347 | 旧书回溯/ [索取号:P6/3] | 在馆 | |
| 3 | 2000011348 | 2000011348 | 旧书回溯/ [索取号:P6/3] | 在馆 | |
| 4 | 2000011349 | 2000011349 | 旧书回溯/ [索取号:P6/3] | 在馆 | |
| 5 | 2000011350 | 2000011350 | 旧书回溯/ [索取号:P6/3] | 在馆 |